000 00344nam a2200121Ia 4500
008 240731s9999 xx 000 0 und d
022 _a1746-1405
245 0 _aCounselling and Psychotherapy Research : Linking research with practice
260 _bRoutledge
856 _uhttps://www.tandfonline.com/loi/rcpr20
942 _2ddc
942 _cTFEJ
999 _c76080
_d76080
945 _a1
_bMadushi Gamage
_c1
_dMadushi Gamage